• 首页
  • 本馆介绍
  • 公告通知
  • 最新文献
  • 馆藏检索
  • 电子资源
  • 读者导购
  • 参考咨询
  • 我的图书馆
  • 登录
  • 详细信息显示
  • 放入我的书架
  • 预约/预借图书
  • 作者相关作品
  • 分类相关作品
  • 丛书相关作品
  • 出版社相关作品

书目信息

  • 表格格式
  • 工作单格式
  • 卡片格式
题名:
2017年度国家自然科学基金项目指南
    
 
作者: ;国家自然科学基金委员会 编著
分册:  
出版信息: 北京   科学出版社  2017.1
页数: 16,279页
开本: 26cm
丛书名:
单 册:
中图分类: N12
科图分类:
主题词:
电子资源:
ISBN: 978-7-03-051246-8
000 00956nam0 2200229 450
001 0400001589
005 20171018173734.0
010    @a978-7-03-051246-8@dCNY48.00
100    @a20170619d2017 em y0chiy50 ea
101 0  @achi
102    @aCN@b110000
105    @ay z 000yy
106    @ar
200 1  @a2017年度国家自然科学基金项目指南@92017 nian du guo jia zi ran ke xue ji jin xiang mu zhi nan@f国家自然科学基金委员会编著
210    @a北京@c科学出版社@d2017.1
215    @a16,279页@d26cm
330    @a本书发布了2017年度国家自然科学基金申请须知和限项申请规定以及各类项目资助政策,指导申请人自主选题、申请国家自然科学基金的资助。并就探索项目系列、人才项目系列、工具项目系统、融合项目系列等各类项目分别进行介绍。
601 02 @a中国国家自然科学基金委员会@x科研项目@x文件@z2017
690    @aN12@v5
711 02 @a国家自然科学基金委员会@9guo jia zi ran ke xue ji jin wei yuan hui@4编著
801  0 @aCN@b91MARC@c20171018
905    @b1022234-8@dN12@f5@e115
    
    2017年度国家自然科学基金项目指南/国家自然科学基金委员会编著.-北京:科学出版社,2017.1
    16,279页;26cm
    
    
    ISBN 978-7-03-051246-8:CNY48.00
    本书发布了2017年度国家自然科学基金申请须知和限项申请规定以及各类项目资助政策,指导申请人自主选题、申请国家自然科学基金的资助。并就探索项目系列、人才项目系列、工具项目系统、融合项目系列等各类项目分别进行介绍。
●
相关链接 在E读中查询图书 在五车中查询图书 在当当中查询图书 在豆瓣中查询图书


正题名:2017年度国家自然科学基金项目指南     索取号:N12/115         预约/预借

序号 登录号 条形码 馆藏地/架位号 状态 备注
1 1022234   210222347   第二样本阅览室/ [索取号:N12/115] 在馆    
2 1022235   210222356   密集书库-物理学院/ [索取号:N12/115] 在馆    
3 1022236   210222365   第三借阅区/ [索取号:N12/115] 在馆    
4 1022237   210222374   第三借阅区/ [索取号:N12/115] 在馆    
5 1022238   210222383   第三借阅区/ [索取号:N12/115] 在馆    
唐山师范学院图书馆 欢迎您!
大连网信软件有限公司© 版权所有